=LDR 00000nam 2200000 4500 =001 INLIS000000000810434 =005 20251209012205 =035 ##$$a 0010-1225000072 =007 ta =008 251209###########################0###### =020 ##$$a 9789793772882 =082 ##$$a 297.546 =084 ##$$a 297.546 TAI t =245 ##$$a Tazkiyatun Nafs /$c Syaikhul Islam Ibnu Taimiyah =260 ##$:$b Darus Sunnah =300 ##$$a xii, 433 hlm. ; $c 24.5cm × 16cm